| 000 | 00499cam a2200193ua 4500 | ||
|---|---|---|---|
| 020 | _c2.00 | ||
| 041 |
_amal _h |
||
| 082 |
_a894.8121 _bCHE/RU |
||
| 100 | _aCherusseri, . | ||
| 245 |
_aRugminee swayamvaram / _cCherusseri. _hTextual Documents |
||
| 260 |
_aKozhikode : _bTouring book stall , _c1972. |
||
| 300 | _a83 ; . | ||
| 365 | _a2.00 | ||
| 440 | 0 |
_aPurana Kavyamala Series, _v _x; |
|
| 490 | 0 |
_aPurana Kavyamala Series, _v _x; |
|
| 504 | _a | ||
| 942 | _cBK | ||
| 999 |
_c6260 _d6260 |
||